serun
ՀԱՅ ԳԻՐՔ = Armenian Book

449-451թթ. հայ-պարսկական պատերազմը ։ (Record no. 165748)

000 -LEADER
fixed length control field nam a22 a 4500
003 - CONTROL NUMBER IDENTIFIER
control field AM-YeNLA
005 - DATE AND TIME OF LATEST TRANSACTION
control field 20260209142540.0
007 - PHYSICAL DESCRIPTION FIXED FIELD--GENERAL INFORMATION
fixed length control field ta
008 - FIXED-LENGTH DATA ELEMENTS--GENERAL INFORMATION
fixed length control field 260209s2025 ai ab||gr|||||000|0|arm||
020 ## - INTERNATIONAL STANDARD BOOK NUMBER
International Standard Book Number 978-9939-0-5614-2
040 ## - CATALOGING SOURCE
Language of cataloging arm
Transcribing agency AM-YeNLA
041 0# - LANGUAGE CODE
Language code of text/sound track or separate title arm
100 1# - MAIN ENTRY--PERSONAL NAME
9 (RLIN) 32165
Personal name Այվազյան, Արմեն Մարտինի,
Dates associated with a name 1964-
245 10 - TITLE STATEMENT
Title 449-451թթ. հայ-պարսկական պատերազմը ։
Remainder of title Ուսումնամեթոդական ուղեցույց և դիդակտիկ նյութեր /
Statement of responsibility, etc. Ա.Մ. Այվազյան.
260 ## - PUBLICATION, DISTRIBUTION, ETC. (IMPRINT)
Place of publication, distribution, etc. Երևան :
Name of publisher, distributor, etc. Հեղինակային հրատ.,
Date of publication, distribution, etc. 2025.
300 ## - PHYSICAL DESCRIPTION
Extent 170 էջ ։
Other physical details նկար, քարտեզ ;
Dimensions 20 սմ.
504 ## - BIBLIOGRAPHY, ETC. NOTE
Bibliography, etc Տողատակում ՝ ծանոթագրություններ։
650 14 - SUBJECT ADDED ENTRY--TOPICAL TERM
Topical term or geographic name as entry element Հայոց պատմություն
Form subdivision Ուսումնամեթոդական ուղեցույց
Chronological subdivision 449-451թթ.
942 ## - ADDED ENTRY ELEMENTS (KOHA)
Source of classification or shelving scheme
Koha item type Books
Holdings
Withdrawn status Lost status Source of classification or shelving scheme Damaged status Not for loan Permanent Location Current Location Date acquired Inventory number Date last seen Price effective from Koha item type
          National Library of Armenia National Library of Armenia 2026-02-09 ՀԱԳ 2026-02-09 2026-02-09 Books

Հայաստանի ազգային գրադարան ՀՀ, 0009,Երևան, Տերյան 72
Հետադարձ կապ